| 000 | 00776nam a22002417i 4500 | ||
|---|---|---|---|
| 999 |
_c172950 _d172950 |
||
| 003 | PPAK | ||
| 005 | 20190602154103.0 | ||
| 008 | 190602s2016 my |||g |||| 00| j may d | ||
| 020 |
_a9789671389362 _cRM28.00 _qpaperback |
||
| 040 |
_aPPAK _beng _cPPAK _erda |
||
| 082 | 0 | 4 |
_223 _a899.233010803 |
| 090 | 0 | 0 |
_a899.233010803 _bRAJ _dG |
| 090 | 2 | 0 |
_a899.233010803 _bRAJ _dKK |
| 245 | 0 | 0 |
_aRAJAQNA - kami kembali - : _b40 Cerpen Jdi Novel (C2N) / _cPenyelenggara / Editor : Ilhami Hisham |
| 264 | 1 |
_aShah Alam, Selangor : _bIBH Khidmat, _c2016 |
|
| 300 |
_a247 pages : _c21 cm |
||
| 336 |
_2rdacontent _atext |
||
| 337 |
_2rdamedia _aunmediated |
||
| 338 |
_2rdacarrier _avolume |
||
| 650 | 1 | 0 | _aShort stories, Malay |
| 700 | 0 |
_aIlhami Hisham, _ecompiler. _eeditor. |
|
| 942 |
_2ddc _cB |
||